| 000 | 00848nam a22001817a 4500 | ||
|---|---|---|---|
| 999 |
_c1507 _d1507 |
||
| 001 | 11612 | ||
| 003 | BD-DhUAP | ||
| 005 | 20200209120106.0 | ||
| 008 | 200209s2008 bg ||||| |||| 00| 0 ben d | ||
| 040 |
_aBD-DhUAP _bBen _cBD-DhUAP _dBD-DhUAP |
||
| 082 |
_223 _a342.5492023 BAN |
||
| 245 |
_aগণপ্রজাতন্ত্রী বাংলাদেশের সংবিধান : _b[সর্বশেষ সংশোধনীসহ মুদ্রিত এপ্রিল, ২০০৮]। |
||
| 260 |
_aঢাকা : _bআইন, বিচার ও সংসদ বিষয়ক মন্ত্রণালয়, _c২০০৮। |
||
| 300 |
_a৮৯ পৃ. ; _c২৪ সেমি.। |
||
| 650 |
_aConstitutions _zBangladesh. |
||
| 710 | _aগণপ্রজাতন্ত্রী বাংলাদেশ। | ||
| 942 |
_2ddc _cBK |
||